Rukoväť účtovníctva z teórie a praxe - v schémach a príkladoch

Saved in:
Bibliographic Details
Main Author: Králiček, Vladimír
Corporate Author: Vysoká škola ekonomická v Bratislave. Národohospodárska fakulta
Format: Book
Language:Slovak
Published: Bratislava Edičné stredisko Vysokej školy ekonomickej 1969
Subjects:
Tags: Add Tag
No Tags, Be the first to tag this record!

MARC

LEADER 00000nam$a2200000$$$4500
001 0042614
005 20240109104409.9
041 0 |a slo 
044 |a SK 
245 1 0 |a Rukoväť účtovníctva  |b z teórie a praxe - v schémach a príkladoch  |c Vladimír Králiček 
264 1 |a Bratislava  |b Edičné stredisko Vysokej školy ekonomickej  |c 1969 
300 |a 84 s. 
610 2 0 |a účtovníctvo 
610 2 0 |a teória účtovníctva 
100 1 |a Králiček, Vladimír 
710 2 |a Vysoká škola ekonomická v Bratislave. Národohospodárska fakulta